[Event "Corr"]
[Site "?"]
[Date "2000.06.20"]
[Round "?"]
[White "Remmel Tim (NED)"]
[Black "Idema Dr. Abram A. (NED)"]
[Result "1-0"]
[WhiteElo "2519"]
[BlackElo "2581"]
[PlyCount "79"]
[EventDate "2000.??.??"]
[Source "www.chesslib.no"]
[SourceDate "2004.05.04"]

1. e4 e5 2. Nf3 Nc6 3. d4 exd4 4. Nxd4 Bb4+ 5. c3 Bc5 6. Nxc6 bxc6 7. Bd3 d6 8. O-O Nf6 9. Bf4 O-O 10. Bg5 h6 11. Bh4 a5 12. Nd2 Re8 13. Re1 Bg4 14. Qa4 Bd7 15. Nb3 Bb6 16. Nd4 g5 17. Bg3 Ng4 18. Nf3 f6 19. Nd4 Ne5 20. Be2 Rb8 21. Qc2 Re7 22. Bh5 Qf8 23. Re2 Qg7 24. Nf5 Bxf5 25. exf5 Kf8 26. Kh1 Nd7 27. f4 gxf4 28. Bxf4 Rxe2 29. Qxe2 Ne5 30. Rf1 Ke7 31. Bf3 Qh7 32. Bxc6 Qxf5 33. Bxe5 Qxe5 34. Qd3 Rh8 35. Qb1 Kd8 36. Re1 Qh5 37. Qe4 Qe5 38. Qh4 Qf5 39. Qc4 Rf8 40. Ba4 1-0

[Event "Ano Liosia op"]
[Site "Ano Liosia"]
[Date "2000.12.31"]
[Round "5"]
[White "Baklan, Vladimir"]
[Black "Vouldis, Angelos"]
[Result "1-0"]
[WhiteElo "2599"]
[BlackElo "2497"]
[PlyCount "77"]
[EventDate "2000.12.27"]
[Source "ChessBase"]
[SourceDate "2001.01.11"]

1. e4 e5 2. Nf3 Nc6 3. d4 exd4 4. Nxd4 Bb4+ 5. c3 Bc5 6. Be3 Bb6 7. Nxc6 bxc6 8. Bd4 Qg5 9. h4 Qg6 10. Nd2 Nf6 11. Qf3 O-O 12. Bd3 Qg4 13. Bxf6 Qxf3 14. Nxf3 gxf6 15. Nd4 d5 16. O-O-O c5 17. Nc6 d4 18. Bc4 Bb7 19. Ne7+ Kh8 20. f3 Rae8 21. Nf5 Bc8 22. cxd4 Bxf5 23. dxc5 Bxc5 24. exf5 Bd6 25. Rhe1 Kg7 26. g4 h5 27. Rg1 Bc5 28. Rg2 hxg4 29. Rxg4+ Kh6 30. Rd7 Re7 31. Rxe7 Bxe7 32. Kc2 Bc5 33. Bd5 Bf2 34. Rc4 Bb6 35. b4 Re8 36. Bxf7 Re5 37. a4 Rxf5 38. f4 Be3 39. Kd3 1-0

[Event "Ch Spain (team) (1 Div) (North)"]
[Site "Sabadell (Spain)"]
[Date "2007.08.15"]
[Round "1"]
[White "Baklan Vladimir (UKR)"]
[Black "Garbisu De Goni Unai (ESP)"]
[Result "1/2-1/2"]
[WhiteElo "2648"]
[BlackElo "2447"]
[PlyCount "95"]
[EventDate "2007.??.??"]
[Source "www.chesslib.no"]
[SourceDate "2004.05.04"]

1. e4 e5 2. Nf3 Nc6 3. d4 exd4 4. Nxd4 Bb4+ 5. c3 Be7 6. Bc4 Bf6 7. Nxc6 dxc6 8. Qxd8+ Bxd8 9. Be3 Nf6 10. Nd2 O-O 11. f3 Re8 12. Kf2 Nd7 13. Rhd1 Be7 14. Nb3 Bd6 15. Na5 Ne5 16. Be2 b6 17. Nc4 Nxc4 18. Bxc4 Be6 19. Bb3 f6 20. h3 Kf7 21. Rd3 Re7 22. g4 Ree8 23. Rad1 Rab8 24. Kg2 a5 25. Bf2 Bxb3 26. axb3 Re6 27. Bg3 Rd8 28. h4 Ke8 29. g5 h5 30. gxh6 gxh6 31. Kh3 h5 32. R3d2 Kf7 33. Bh2 Ke7 34. Rg1 Kf7 35. Rdg2 Bf8 36. Bxc7 Rd3 37. Rg3 c5 38. Bf4 c4 39. bxc4 Rc6 40. Rb1 Rxc4 41. Kg2 b5 42. Kf1 f5 43. Re1 b4 44. Be5 bxc3 45. Bxc3 fxe4 46. Ke2 Rxf3 47. Rxf3+ exf3+ 48. Kxf3 1/2-1/2

[Event "Tch (Men) 2005/2006 SCG"]
[Site "?"]
[Date "2006.05.02"]
[Round "2"]
[White "Sedlak Nikola"]
[Black "Savic Miodrag R"]
[Result "0-1"]
[WhiteElo "2564"]
[BlackElo "2524"]
[PlyCount "62"]
[EventDate "2006.??.??"]
[Source "www.chesslib.no"]
[SourceDate "2004.05.04"]

1. e4 e5 2. Nf3 Nc6 3. d4 exd4 4. Nxd4 Qf6 5. Be3 Bc5 6. c3 Nge7 7. g3 d5 8. Bg2 Bxd4 9. cxd4 dxe4 10. Nc3 O-O 11. Nxe4 Qg6 12. O-O Bf5 13. Nc3 Rad8 14. Qa4 a6 15. d5 b5 16. Qh4 b4 17. Ne2 Nxd5 18. Bxd5 Rxd5 19. Nf4 Qd6 20. Nxd5 Qxd5 21. Rfd1 Bd3 22. Qg5 f5 23. Rxd3 Qxd3 24. Qf4 Qd5 25. Rc1 Ne5 26. Rc5 Nf3+ 27. Kh1 Qd1+ 28. Kg2 Ne1+ 29. Kh3 Qh5+ 30. Qh4 Qf3 31. Qc4+ Kh8 0-1

[Event "Linares Anibal op 7th"]
[Site "Linares"]
[Date "2000.01.16"]
[Round "10"]
[White "Zvjaginsev, Vadim"]
[Black "Jonkman, Harmen"]
[Result "1/2-1/2"]
[WhiteElo "2641"]
[BlackElo "2446"]
[PlyCount "75"]
[EventDate "2000.01.07"]
[Source "ChessBase"]
[SourceDate "2000.04.05"]

1. e4 e5 2. Nf3 Nc6 3. d4 exd4 4. Nxd4 Qf6 5. Nxc6 Bc5 6. Qd2 bxc6 7. Bd3 Ne7 8. O-O d5 9. Nc3 Be6 10. Kh1 Bb4 11. a3 Bxc3 12. Qxc3 Qxc3 13. bxc3 O-O 14. Rb1 dxe4 15. Bxe4 Bf5 16. Bxf5 Nxf5 17. Bf4 Nd6 18. g3 Rfb8 19. Rfe1 Kf8 20. Rbd1 Rb2 21. Re2 Re8 22. Bxd6+ cxd6 23. Rxe8+ Kxe8 24. Rxd6 Rxc2 25. Rxc6 Rxf2 26. a4 a5 27. Rc5 Rc2 28. h4 Ke7 29. Kg1 h6 30. Kf1 Kd6 31. Rxa5 Rxc3 32. Kf2 Ra3 33. Ra7 Ke6 34. a5 h5 35. a6 g6 36. Kg2 Kf6 37. Kf2 Ke6 38. Kg2 1/2-1/2

[Event "CRO-ch team"]
[Site "?"]
[Date "1999.09.16"]
[Round "7"]
[White "Palac Mladen"]
[Black "Stevic Hrvoje"]
[Result "1-0"]
[WhiteElo "2610"]
[BlackElo "2470"]
[PlyCount "89"]
[EventDate "1999.??.??"]
[Source "www.chesslib.no"]
[SourceDate "2004.05.04"]

1. e4 e5 2. Nf3 Nc6 3. d4 exd4 4. Nxd4 Bb4+ 5. c3 Bc5 6. Be3 Bb6 7. Nf5 Bxe3 8. Nxe3 Nf6 9. f3 O-O 10. c4 Qe7 11. Nc3 Qc5 12. Qd2 d6 13. Ncd5 Ne8 14. b4 Qd4 15. Rd1 Qxd2+ 16. Rxd2 a5 17. b5 Ne5 18. c5 Be6 19. cxd6 Bxd5 20. Nxd5 cxd6 21. Be2 Nf6 22. Nb6 Rad8 23. Kf2 Nfd7 24. Nxd7 Rxd7 25. Rhd1 g5 26. Rxd6 Rxd6 27. Rxd6 Rc8 28. Ke3 Nc4+ 29. Bxc4 Rxc4 30. Rb6 Rc2 31. Rxb7 Rxg2 32. Ra7 Rxh2 33. Rxa5 Rb2 34. Kd4 Kg7 35. Kc3 Rb1 36. Kc2 Rb4 37. Kc3 Rb1 38. Kc2 Rb4 39. a3 Rc4+ 40. Kd3 Rc1 41. Ra4 h5 42. b6 Rc8 43. Rb4 h4 44. b7 Rb8 45. Ke3 1-0

[Event "otb"]
[Site "otb"]
[Date "2007.05.08"]
[Round "6"]
[White "Danin Alexandre"]
[Black "Yemelin Vasily"]
[Result "1/2-1/2"]
[WhiteElo "2513"]
[BlackElo "2564"]
[PlyCount "61"]
[Source "www.chesslib.no"]
[SourceDate "2004.05.04"]

1. e4 e5 2. Nf3 Nc6 3. d4 exd4 4. Nxd4 Bb4+ 5. c3 Bc5 6. Be3 Bb6 7. Qg4 Qf6 8. Qg3 Qg6 9. Nxc6 bxc6 10. Bxb6 axb6 11. Qxc7 Qxe4+ 12. Kd1 Ne7 13. Nd2 Qg6 14. Qxb6 O-O 15. h4 d6 16. Qe3 Re8 17. Qg5 Qe6 18. Bc4 Nd5 19. a4 h6 20. Qg3 Qf6 21. Qf3 Qe7 22. Kc2 Be6 23. Bd3 Reb8 24. g4 Nb6 25. Qf4 Nd7 26. b4 Ne5 27. Bf5 Bd5 28. Be4 Be6 29. Bf5 Bd5 30. Be4 Be6 31. Bf5 1/2-1/2

[Event "Sukhumi"]
[Site "Sukhumi GEO"]
[Date "1972.08.23"]
[Round "6"]
[White "Savon, Vladimir A"]
[Black "Ree, Hans"]
[Result "1-0"]
[WhiteElo "2595"]
[BlackElo "2480"]
[PlyCount "43"]
[EventDate "1972.08.16"]
[Source "www.chesslib.no"]
[SourceDate "2004.05.04"]

1. e4 e5 2. Nf3 Nc6 3. d4 exd4 4. Nxd4 g6 5. Nc3 Bg7 6. Be3 Nf6 7. g3 O-O 8. Bg2 d6 9. h3 Ne5 10. O-O c6 11. Qe2 a5 12. f4 Ned7 13. Qf2 a4 14. a3 Nc5 15. e5 dxe5 16. Nxc6 bxc6 17. Bxc5 exf4 18. Qxf4 Re8 19. Rad1 Qa5 20. Bd4 g5 21. Qf2 Re6 22. Ne4 1-0

[Event "Kuban 99"]
[Site "?"]
[Date "1999.11.17"]
[Round "5"]
[White "Tseshkovsky Vitaly"]
[Black "Malaniuk Vladimir P"]
[Result "0-1"]
[WhiteElo "2547"]
[BlackElo "2525"]
[PlyCount "110"]
[EventDate "1999.??.??"]
[Source "www.chesslib.no"]
[SourceDate "2004.05.04"]

1. e4 e5 2. Nf3 Nc6 3. d4 exd4 4. Nxd4 Bb4+ 5. c3 Bc5 6. Be3 Bb6 7. Bc4 Nge7 8. Qh5 O-O 9. O-O d6 10. Nd2 Nxd4 11. cxd4 Be6 12. Bxe6 fxe6 13. Qh3 Qc8 14. Nf3 e5 15. Qxc8 Nxc8 16. Rfd1 exd4 17. Bxd4 Re8 18. Re1 Ne7 19. Rad1 Nc6 20. Bc3 Re7 21. Kf1 Rae8 22. Nd2 Nd4 23. Bxd4 Bxd4 24. b3 Bc3 25. f3 Bb4 26. h4 Kf7 27. Re3 d5 28. Rd3 Bxd2 29. R1xd2 dxe4 30. fxe4 Rxe4 31. Rd7+ R8e7 32. g3 c5 33. Kf2 Re2+ 34. Kf3 Rxd2 35. Rxd2 Ke6 36. Rd8 Rd7 37. Rh8 h6 38. Ke3 Kd5 39. Rc8 b5 40. g4 c4 41. bxc4+ bxc4 42. g5 hxg5 43. hxg5 g6 44. Kd2 Rd6 45. Kc3 Ra6 46. Rf8 Ra3+ 47. Kb4 Rxa2 48. Rd8+ Ke5 49. Kxc4 Kf4 50. Rd5 Rg2 51. Ra5 Rxg5 52. Rxa7 Rg3 53. Kd5 g5 54. Ke6 Re3+ 55. Kf6 g4 0-1

[Event "ESP-ch (team) Div 1"]
[Site "?"]
[Date "1999.11.09"]
[Round "2"]
[White "Magem Badals Jordi"]
[Black "Campora Daniel H"]
[Result "1/2-1/2"]
[WhiteElo "2528"]
[BlackElo "2543"]
[PlyCount "26"]
[EventDate "1999.??.??"]
[Source "www.chesslib.no"]
[SourceDate "2004.05.04"]

1. e4 e5 2. Nf3 Nc6 3. d4 exd4 4. Nxd4 Nge7 5. Be3 Nxd4 6. Qxd4 Nc6 7. Qd2 Qf6 8. c4 Bb4 9. Nc3 d6 10. Rc1 O-O 11. f3 Qh4+ 12. Bf2 Qe7 13. Be2 f5 1/2-1/2

[Event "Moscow RUS"]
[Site "?"]
[Date "1996.??.??"]
[Round "6"]
[White "Korneev Oleg"]
[Black "Balashov Yuri S"]
[Result "1/2-1/2"]
[WhiteElo "2590"]
[BlackElo "2480"]
[PlyCount "40"]
[EventDate "1996.??.??"]
[Source "www.chesslib.no"]
[SourceDate "2004.05.04"]

1. e4 e5 2. Nf3 Nc6 3. d4 exd4 4. Nxd4 Bb4+ 5. c3 Be7 6. Be3 Nf6 7. Nd2 O-O 8. Be2 Re8 9. O-O Bf8 10. Qc2 d5 11. Nxc6 bxc6 12. Bf3 Nxe4 13. Nxe4 Bf5 14. Rfd1 Bd6 15. c4 dxe4 16. c5 Qc8 17. cxd6 exf3 18. Qxc6 Be4 19. d7 Bxc6 20. dxc8=Q Raxc8 1/2-1/2

[Event "Mind Sports Games - Rapid Team"]
[Site "Pechino CINA"]
[Date "2008.10.14"]
[Round "2"]
[White "Li Chao2"]
[Black "Glud, J."]
[Result "1-0"]
[WhiteElo "2622"]
[BlackElo "2444"]
[PlyCount "63"]
[EventDate "2008.10.14"]
[Source "www.chesslib.no"]
[SourceDate "2004.05.04"]

1. e4 e5 2. Nf3 Nc6 3. d4 exd4 4. Nxd4 Bb4+ 5. c3 Bc5 6. Nxc6 bxc6 7. Bd3 d6 8. O-O Ne7 9. Bg5 O-O 10. Nd2 Bb6 11. Nc4 Be6 12. a4 a5 13. b4 Bxc4 14. Bxc4 Qd7 15. Kh1 h6 16. Bd2 d5 17. Bd3 dxe4 18. Bxe4 Rad8 19. Ra2 f5 20. Bb1 Nd5 21. Qb3 Kh8 22. Rb2 Qe7 23. bxa5 Bxa5 24. c4 Bxd2 25. Rxd2 Nf4 26. Rxd8 Rxd8 27. Qf3 Qe5 28. g3 Ne6 29. Qxf5 Qxf5 30. Bxf5 Nd4 31. Be4 Ra8 32. Rd1 1-0

[Event "WYb18"]
[Site "Kemer TUR"]
[Date "2007.11.28"]
[Round "11"]
[White "Popov, Iv RUS"]
[Black "Howell, D."]
[Result "1-0"]
[WhiteElo "2539"]
[BlackElo "2527"]
[PlyCount "75"]
[EventDate "2007.11.18"]
[Source "www.chesslib.no"]
[SourceDate "2004.05.04"]

1. e4 e5 2. Nf3 Nc6 3. d4 exd4 4. Nxd4 Bb4+ 5. c3 Bc5 6. Be3 Bb6 7. Nf5 Bxe3 8. Nxe3 Nf6 9. f3 d6 10. Bb5 O-O 11. O-O Ne5 12. Qd4 Be6 13. Na3 a6 14. Ba4 c5 15. Qd2 b5 16. Bb3 Qb6 17. Kh1 Rad8 18. f4 c4 19. Bc2 Neg4 20. Nxg4 Nxg4 21. Rae1 Bc8 22. Bd1 Nf6 23. Bf3 Rfe8 24. Re2 Bb7 25. Rfe1 Re7 26. Nc2 Rde8 27. e5 Bxf3 28. gxf3 Nd7 29. Ne3 Qb7 30. Nf5 Qxf3+ 31. Rg2 dxe5 32. Nxg7 Kf8 33. Nxe8 Kxe8 34. Kg1 e4 35. Rg3 Qh5 36. Rg8+ Nf8 37. Qd6 e3 38. Rxe3 1-0

[Event "Linares Anibal op 7th"]
[Site "Linares"]
[Date "2000.01.16"]
[Round "10"]
[White "Motylev, Alexander"]
[Black "Hauchard, Arnaud"]
[Result "1/2-1/2"]
[WhiteElo "2552"]
[BlackElo "2513"]
[PlyCount "47"]
[EventDate "2000.01.07"]
[Source "ChessBase"]
[SourceDate "2000.04.05"]

1. e4 e5 2. Nf3 Nc6 3. d4 exd4 4. Nxd4 Bb4+ 5. c3 Bc5 6. Nxc6 bxc6 7. Bd3 Ne7 8. O-O d6 9. b4 Bb6 10. a4 a5 11. Nd2 axb4 12. cxb4 O-O 13. Bb2 Ng6 14. Ra3 Qe7 15. Nc4 Ba7 16. Na5 Bd7 17. Qc1 Rfb8 18. Qc3 f6 19. Nc4 Kh8 20. h3 Be6 21. Nd2 Rb7 22. Raa1 Bb6 23. a5 Ba7 24. Ba3 1/2-1/2

[Event "Katowice Open"]
[Site "Katowice POL"]
[Date "1993.??.??"]
[Round "7"]
[White "Yandemirov, Valeri"]
[Black "Malaniuk, Vladimir P"]
[Result "1/2-1/2"]
[WhiteElo "2465"]
[BlackElo "2600"]
[PlyCount "29"]
[EventDate "1993.01.??"]
[Source "www.chesslib.no"]
[SourceDate "2004.05.04"]

1. e4 e5 2. Nf3 Nc6 3. d4 exd4 4. Nxd4 Bb4+ 5. c3 Be7 6. Bc4 Nf6 7. Nxc6 bxc6 8. e5 Nd5 9. O-O Nb6 10. Bb3 d5 11. exd6 cxd6 12. Nd2 O-O 13. Nc4 d5 14. Nxb6 axb6 15. Qf3 1/2-1/2

[Event "olm"]
[Site "?"]
[Date "1996.??.??"]
[Round "11"]
[White "Palac Mladen"]
[Black "Djuric Stefan"]
[Result "1-0"]
[WhiteElo "2545"]
[BlackElo "2515"]
[PlyCount "55"]
[EventDate "1996.??.??"]
[Source "www.chesslib.no"]
[SourceDate "2004.05.04"]

1. e4 e5 2. Nf3 Nc6 3. d4 exd4 4. Nxd4 Bb4+ 5. c3 Be7 6. Bf4 Nf6 7. e5 Nd5 8. Bg3 Nxd4 9. Qxd4 c6 10. Bc4 Nb6 11. Bb3 O-O 12. Nd2 d5 13. exd6 Bf6 14. Qd3 Re8+ 15. Ne4 Bf5 16. f3 Nd7 17. O-O Be5 18. Bxe5 Bxe4 19. Qe3 Bd5 20. Qf4 Re7 21. Qd4 Be4 22. Rad1 Qe8 23. Qd2 Nc5 24. Bf6 Qf8 25. Rf2 Rae8 26. Kh1 Re5 27. Rff1 g5 28. Qd4 1-0

[Event "Alekhine op"]
[Site "Moscow"]
[Date "1992.??.??"]
[Round "?"]
[White "Yakovich, Yuri"]
[Black "Malaniuk, Vladimir P"]
[Result "1/2-1/2"]
[WhiteElo "2520"]
[BlackElo "2540"]
[PlyCount "51"]
[EventDate "1992.10.??"]
[Source "ChessBase"]

1. e4 e5 2. Nf3 Nc6 3. d4 exd4 4. Nxd4 Bb4+ 5. c3 Be7 6. g3 Nf6 7. Nxc6 bxc6 8. e5 Nd5 9. Bg2 Ba6 10. Qg4 Kf8 11. Nd2 h5 12. Qa4 Qc8 13. h4 Rh6 14. c4 Nb4 15. O-O Re6 16. Qb3 c5 17. Qf3 Rb8 18. Qxh5 Kg8 19. b3 g6 20. Qg4 Rxe5 21. Bb2 Rh5 22. Rae1 Qd8 23. Re2 d5 24. a3 Nd3 25. Ba1 dxc4 26. bxc4 1/2-1/2

[Event "35th T-ch GR"]
[Site "Ermioni"]
[Date "2006.07.05"]
[Round "3.2"]
[White "Macieja, Bartlomiej"]
[Black "Bojkov, Dejan"]
[Result "1-0"]
[WhiteElo "2613"]
[BlackElo "2445"]
[PlyCount "107"]
[EventDate "2006.07.??"]
[Source "www.chesslib.no"]
[SourceDate "2004.05.04"]

1. e4 e5 2. Nf3 Nc6 3. d4 exd4 4. Nxd4 Bb4+ 5. c3 Be7 6. Nf5 Bf6 7. Ne3 g6 8. Nd5 Bg7 9. Na3 a6 10. Nc4 d6 11. Be2 Nf6 12. Bg5 h6 13. Bh4 Be6 14. Nce3 g5 15. Nxf6+ Bxf6 16. Bg3 Be5 17. Nd5 Ne7 18. O-O Bxd5 19. exd5 Ng6 20. Qb3 Rb8 21. Rae1 Nf4 22. Bxf4 gxf4 23. Bf3 O-O 24. Re4 Kh8 25. Rfe1 Rg8 26. Kf1 b6 27. Qa4 a5 28. Rxe5 dxe5 29. Rxe5 Qf6 30. Re4 Rg5 31. Rxf4 Qe7 32. Qd4+ Kg8 33. g3 Qe5 34. Qd3 Rd8 35. h4 Rg6 36. Rf5 Qd6 37. Qd4 Qc5 38. Qf4 Qe7 39. Bh5 Rg7 40. Qxh6 Re8 41. Bf3 Rg6 42. Qf4 Rg7 43. h5 Qd6 44. Qd4 Re7 45. a4 Qh6 46. Kg2 Qd6 47. Qh4 Re5 48. Rf6 Qe7 49. Qf4 Rgg5 50. h6 Qf8 51. h7+ Kh8 52. Rxf7 Qh6 53. Rf8+ Kxh7 54. Be4+ 1-0

[Event "Linares Anibal op 7th"]
[Site "Linares"]
[Date "2000.01.13"]
[Round "7"]
[White "Sorokin, Maxim"]
[Black "Yandemirov, Valeri"]
[Result "1/2-1/2"]
[WhiteElo "2574"]
[BlackElo "2481"]
[PlyCount "21"]
[EventDate "2000.01.07"]
[Source "ChessBase"]
[SourceDate "2000.04.05"]

1. e4 e5 2. Nf3 Nc6 3. d4 exd4 4. Nxd4 Bb4+ 5. c3 Be7 6. Bd3 d5 7. Bb5 Bd7 8. exd5 Nxd4 9. Bxd7+ Qxd7 10. Qxd4 Bf6 11. Qc4 1/2-1/2

[Event "otb"]
[Site "otb"]
[Date "2007.02.11"]
[Round "8"]
[White "Feygin Michail"]
[Black "Schebler Gerhard"]
[Result "1-0"]
[WhiteElo "2520"]
[BlackElo "2534"]
[PlyCount "107"]
[Source "www.chesslib.no"]
[SourceDate "2004.05.04"]

1. e4 e5 2. Nf3 Nc6 3. d4 exd4 4. Nxd4 Nxd4 5. Qxd4 Qf6 6. Qc4 c6 7. Nc3 b5 8. Qd3 b4 9. Na4 Qe6 10. Be3 Nf6 11. f3 d6 12. Qd4 c5 13. Bb5+ Bd7 14. Qd3 Be7 15. a3 O-O 16. Bc4 Qe5 17. axb4 cxb4 18. O-O Bc6 19. Rfe1 Rfc8 20. b3 Bf8 21. Bd4 Qg5 22. e5 Nh5 23. e6 Nf4 24. exf7+ Kh8 25. Qf1 d5 26. Ba6 Rc7 27. Nc5 Rxf7 28. Ne6 Qg6 29. Nxf4 Rxf4 30. Bd3 Qf7 31. Qf2 Bd6 32. Be5 Bxe5 33. Rxe5 d4 34. Rae1 a5 35. Qg3 Rf6 36. Qh4 h6 37. Qxd4 Qd7 38. Qxd7 Bxd7 39. Ra1 a4 40. Be4 Bc6 41. bxa4 Bxe4 42. Rxe4 Rb6 43. a5 b3 44. cxb3 Rxb3 45. Re6 Kg8 46. a6 Ra7 47. Ra2 Kf7 48. Rc6 Rb5 49. Kf2 h5 50. Kg3 Rb4 51. Ra5 h4+ 52. Kh3 Kg8 53. Rd6 Rc4 54. Rb6 1-0

[Event "WYCC 2008 U18 boys"]
[Site "Vung Tau City VIE"]
[Date "2008.10.24"]
[Round "6.2"]
[White "Tomczak, Jacek"]
[Black "Howell, David W L"]
[Result "1/2-1/2"]
[WhiteElo "2461"]
[BlackElo "2593"]
[PlyCount "133"]
[EventDate "2008.10.20"]
[Source "www.chesslib.no"]
[SourceDate "2004.05.04"]

1. e4 e5 2. Nf3 Nc6 3. d4 exd4 4. Nxd4 Bb4+ 5. c3 Bc5 6. Be3 Bb6 7. Nf5 Bxe3 8. Nxe3 Nf6 9. Nd2 O-O 10. Qf3 Re8 11. O-O-O Ne5 12. Qe2 Ng6 13. h4 h6 14. h5 Nf8 15. Qf3 d6 16. Bd3 Qe7 17. Nf5 Bxf5 18. exf5 d5 19. g4 N8h7 20. Qg3 Qe5 21. f4 Qe3 22. Rdg1 Nd7 23. g5 Nc5 24. Bc2 Qxg3 25. Rxg3 Kh8 26. f6 Ne4 27. Nxe4 dxe4 28. Bb3 hxg5 29. fxg5 gxf6 30. Bxf7 Re7 31. g6 Ng5 32. Bd5 c6 33. Bc4 Kg7 34. Kd2 Kh6 35. Ke3 Rd8 36. Be2 Rd6 37. Rd1 Rxd1 38. Bxd1 Re5 39. Rg2 Ne6 40. g7 Nxg7 41. Rg6+ Kh7 42. Rxf6 Nxh5 43. Rf7+ Kg6 44. Rxb7 Nf6 45. Rxa7 Kf5 46. c4 Re8 47. Ra5+ Ke6 48. Ra6 Kd6 49. b4 Rh8 50. Kd4 Rh2 51. c5+ Ke7 52. Bb3 Rd2+ 53. Ke3 Rd3+ 54. Ke2 Nh5 55. Ra7+ Kf6 56. Rf7+ Ke5 57. Re7+ Kf4 58. Rf7+ Ke5 59. Re7+ Kd4 60. Rd7+ Kc3 61. Rxd3+ exd3+ 62. Ke3 Nf6 63. b5 cxb5 64. c6 Ne8 65. Ke4 Kb4 66. Kd5 Ka5 67. Kd4 1/2-1/2

[Event "Valle d'Aosta op 8th"]
[Site "Saint Vincent"]
[Date "2000.02.15"]
[Round "4"]
[White "Tiviakov, Sergei"]
[Black "Godena, Michele"]
[Result "1-0"]
[WhiteElo "2567"]
[BlackElo "2487"]
[PlyCount "79"]
[EventDate "2000.02.12"]
[Source "ChessBase"]
[SourceDate "2000.03.10"]

1. e4 e5 2. Nf3 Nc6 3. d4 exd4 4. Nxd4 Bb4+ 5. c3 Be7 6. Nxc6 bxc6 7. Bc4 d6 8. Qb3 Nf6 9. Bxf7+ Kf8 10. e5 Ng4 11. Bh5 Nxe5 12. O-O d5 13. Qa4 Bd6 14. Re1 Bf5 15. Na3 Qf6 16. Bf4 g6 17. Bxe5 Bxe5 18. Bg4 Bxg4 19. Qxg4 h5 20. Qh3 Kg7 21. Nc2 Rae8 22. Nb4 Re7 23. Re3 Rhe8 24. Nd3 Bd6 25. Rae1 c5 26. Rxe7+ Rxe7 27. Rxe7+ Qxe7 28. Qe3 Qxe3 29. fxe3 c4 30. Nf4 c6 31. Kf2 Kf6 32. Kf3 Kf5 33. g3 a5 34. h3 a4 35. g4+ hxg4+ 36. hxg4+ Kf6 37. a3 g5 38. Ne2 Bc5 39. Ng3 Ke5 40. Nf5 1-0

[Event "Corr"]
[Site "?"]
[Date "2000.09.25"]
[Round "?"]
[White "Cardelli Gabriel (ITA)"]
[Black "Rybak Ing.Milan (CZE)"]
[Result "1/2-1/2"]
[WhiteElo "2561"]
[BlackElo "2493"]
[PlyCount "85"]
[EventDate "2000.??.??"]
[Source "www.chesslib.no"]
[SourceDate "2004.05.04"]

1. e4 e5 2. Nf3 Nc6 3. d4 exd4 4. Nxd4 Qf6 5. Be3 Bc5 6. c3 Nge7 7. Qd2 d5 8. Nb5 Bxe3 9. fxe3 O-O 10. Nxc7 dxe4 11. Nxa8 Rd8 12. Qc2 Nd5 13. Na3 Nxe3 14. Qf2 Qh6 15. h3 Ne5 16. Nc4 N3xc4 17. Bxc4 e3 18. Qg3 Nxc4 19. O-O e2 20. Rfe1 Bf5 21. Nc7 Qb6+ 22. Qf2 Bd3 23. Qxb6 Nxb6 24. a4 a6 25. b3 Rd7 26. a5 Rxc7 27. axb6 Rc6 28. Kf2 f5 29. g3 Rxb6 30. Ra3 g5 31. Ke3 Rd6 32. Ra4 Be4 33. g4 Rh6 34. gxf5 Bc6 35. Rd4 Rxh3+ 36. Kxe2 Rxc3 37. Rg1 h6 38. Rd6 Kg7 39. Rg6+ Kh7 40. Kd2 Rc5 41. Rf6 Kg7 42. Rg6+ Kh7 43. Rf6 1/2-1/2